000 00558nam a2200193Ia 4500
005 20250326123851.0
008 250326s9999 xx 000 0 und d
037 _aTextbook
040 _aFMSL
_beng
_cFMSL
041 _aeng
_2eng
084 _aS(X:8) M3
_qFMSL
100 _aHersey P
245 0 _aManagement of organizational behaviour: utilizing human resources
_cHersey P; Blanchard K H
250 _a4
260 _aNew Delhi
_bNew Delhi, Prentice-Hall
_c1983
300 _a343p
942 _cTB
_hS(X:8) M3
999 _c1271265
_d1271265